| 000 | 01065cab a2200265 4500 | ||
|---|---|---|---|
| 001 | WB2932-13 | ||
| 008 | 090401t1993 xxu||||| |||| 00| 0 eng d | ||
| 035 | _a(Sirsi) u11486 | ||
| 041 | _aeng | ||
| 245 | _aPollution controls | ||
| 260 | _c1993 | ||
| 350 | _a0 | ||
| 490 |
_aEvening Standard _v31 August 1993, 31 |
||
| 490 |
_aDaily Telegraph _v1 September 1993, 6(2) |
||
| 520 | _aThe European Community looks set to tighten pollution controls in Britain at two levels. The Government has been asked to reopen the Coal Review in an attempt to increase the 70% reductions of sulphur emissions already offered by Britain. In addition an EC consultative paper "Civil Liability for Environmental Damage" contains proposals that claims should be based on a "no-fault" or strict liability basis. | ||
| 650 | _aABSTRACTION | ||
| 650 | _aENVIRONMENTAL CONTROLS | ||
| 650 | _aEUROPEAN COMMISSION | ||
| 650 | _aLIABILITY | ||
| 650 | _aNEGLIGENCE | ||
| 650 | _aPOLLUTION | ||
| 690 | _aENVIRONMENTAL AND LAND CONSULTANCY | ||
| 942 | _n0 | ||
| 948 | _c04/03/1997 | ||
| 999 |
_c7323 _d7323 |
||